Normal view
MARC view
- Marhefka, Ronald J
Entry Personal Name
001 - CONTROL NUMBER
- control field: 105151
003 - CONTROL NUMBER IDENTIFIER
- control field: NUST
005 - DATE AND TIME OF LATEST TRANSACTION
- control field: 20221219091042.0
008 - FIXED-LENGTH DATA ELEMENTS
- fixed length control field: 221219|| aca||aabn | a|a d
040 ## - CATALOGING SOURCE
- Original cataloging agency: NUST
- Transcribing agency: NUST
100 ## - HEADING--PERSONAL NAME
- Personal name: Marhefka, Ronald J
670 ## - SOURCE DATA FOUND
- Source citation: Work cat.: (NUST)179235: Kraus, John Daniel, 104685, Antennas for all applications /, c2002.
